Vegetables

Vegetables come in a variety of shapes and colors. They provide people with vitamin A, vitamin C, and fiber. Students will learn how many servings of vegetables they should have each day and how vegetables benefit their bodies.

Na minha lista:
Detalhes bibliográficos
Autor principal: Green, Emily K.
Formato: Livro
Idioma:Undetermined
Publicado em: Minneapolis, MN Bellwether Media 2007
Assuntos:
Tags: Adicionar Tag
Sem tags, seja o primeiro a adicionar uma tag!
Thư viện lưu trữ: Trung tâm Học liệu Trường Đại học Cần Thơ
LEADER 00827nam a2200205Ia 4500
001 CTU_217447
008 210402s9999 xx 000 0 und d
020 |c 5.95 
082 |a 613.2 
082 |b G795 
100 |a Green, Emily K. 
245 0 |a Vegetables 
245 0 |c Emily K. Green 
260 |a Minneapolis, MN 
260 |b Bellwether Media 
260 |c 2007 
520 |a Vegetables come in a variety of shapes and colors. They provide people with vitamin A, vitamin C, and fiber. Students will learn how many servings of vegetables they should have each day and how vegetables benefit their bodies. 
650 |a Nutrition,Dinh dưỡng,Rau quả trong dinh dưỡng con người,Vegetables in human nutrition 
904 |i Hiền, Tuyến 
980 |a Trung tâm Học liệu Trường Đại học Cần Thơ